国内で発売している勝馬投票券の種類 - Statistics

General Stats
  • This quiz has been taken 191 times
  • The average score is 9 of 15
Answer Stats
現行の取扱 説明 馬券名 % Correct
中央・地方 1着で入線する馬を当てる 単勝
99%
中央・地方 3着以上(7頭以下では2着以上)で入線する馬を当てる 複勝
95%
中央・地方 1着・2着・3着に入線する馬3頭を入線順で当てる 3連単
83%
中央・地方 1着・2着に入線する馬2頭を当てる 馬連
80%
中央・地方 3着以上で入線する馬2頭を当てる ワイド
79%
中央・地方 1着と2着に入線する馬2頭の枠番を当てる 枠連
75%
中央・地方 1着・2着・3着に入線する馬3頭を当てる 3連複
75%
中央・地方 1着・2着に入線する馬2頭を入線順で当てる 馬単
74%
中央のみ 指定された5レースの1着で入線する馬を全て当てる WIN5
68%
地方のみ 1着と2着に入線する馬2頭の枠番を入線順で当てる 枠単
61%
中央のみ 上記二馬券のセット 応援馬券
45%
地方のみ 指定された3レースの1着と2着に入線する馬2頭を入線順で当てる トリプル馬単
17%
廃止 指定された3レースの1着で入線する馬を当てる 三重勝
1%
地方のみ 指定された5レースの1着で入線する馬を全て当てる 5重勝単勝式
0%
地方のみ 指定された7レースの1着で入線する馬を全て当てる 7重勝単勝式
0%
No matching quizzes found
Score Distribution
Percent of People with Each Score
Percentile by Number Answered
Your Score History
You have not taken this quiz